NDU-K Library Catalogue

Girl in a jacket 

A touch of joy : (Record no. 20966)

MARC details
000 -LEADER
fixed length control field 00475nam a22001697a 4500
003 - CONTROL NUMBER IDENTIFIER
control field OSt
005 - DATE AND TIME OF LATEST TRANSACTION
control field 20250320121434.0
008 - FIXED-LENGTH DATA ELEMENTS--GENERAL INFORMATION
fixed length control field 250320b |||||||| |||| 00| 0 eng d
020 ## - INTERNATIONAL STANDARD BOOK NUMBER
International Standard Book Number 0828009805
040 ## - CATALOGING SOURCE
Transcribing agency Kenya Military Academy
050 ## - LIBRARY OF CONGRESS CALL NUMBER
Classification number BV 4844
Item number .T68 1995
245 ## - TITLE STATEMENT
Title A touch of joy :
Remainder of title Devotional thoughts of women by women /
Statement of responsibility, etc. Rose Otis
260 ## - PUBLICATION, DISTRIBUTION, ETC.
Place of publication, distribution, etc. USA
Name of publisher, distributor, etc. Review and Herald
Date of publication, distribution, etc. 1995
300 ## - PHYSICAL DESCRIPTION
Extent 95 p.;
Other physical details ill.
Dimensions 24cm
700 ## - ADDED ENTRY--PERSONAL NAME
Personal name Otis,Rose
942 ## - ADDED ENTRY ELEMENTS (KOHA)
Source of classification or shelving scheme Library of Congress Classification
Koha item type Normal Collection
Suppress in OPAC No
Holdings
Withdrawn status Lost status Source of classification or shelving scheme Damaged status Not for loan Home library Current library Date acquired Total Checkouts Full call number Barcode Date last seen Price effective from Koha item type
    Library of Congress Classification     Kenya Military Academy Kenya Military Academy 20/03/2025   BV 4844 .T68 1995 KMA009970 20/03/2025 20/03/2025 Normal Collection
Copyright © 2026 [National Defence University - Kenya]. All rights reserved.